| 000 | 00657nai a22001817a 4500 | ||
|---|---|---|---|
| 003 | OSt | ||
| 005 | 20140902171736.0 | ||
| 008 | 130516c2011 xxu||||| |||| 00| b eng d | ||
| 040 |
_cCDMR _bcat |
||
| 245 | 0 | 4 |
_aThe data journalism handbook _cedited by Jonathan Gray, Liliana Bounegru and Lucy Chambers _h[recurs electrònic] |
| 260 |
_a[s.n] _bData Driven Journalism _c2011- |
||
| 650 | 0 | 4 |
_93238 _aPeriodisme de precisió |
| 700 | 1 |
_93439 _aGray, Jonathan |
|
| 700 | 1 |
_93440 _aBounegru, Liliana |
|
| 700 | 1 |
_93441 _aChambers, Lucy _eeds. |
|
| 856 | 4 | 0 |
_uhttp://datajournalismhandbook.org/1.0/en/ _yData Journalism Handbook _z(Accés lliure) |
| 942 |
_2udc _cRECURS_WEB |
||
| 999 |
_c6269 _d6269 |
||